000 01349nam a2200229Ia 4500
999 _c51664
_d51664
001 18655
003 GE_BSU
005 20220920110741.0
008 181216s20122013ge |||||||||||||| ||geo||
040 _cGE_BSU
041 _ageo
080 _a33 ფ-98
100 _aფუტკარაძე, ნოდარ
_92376
245 _aსაინვესტიციო პროექტები და ბიზნესის განვითარების პერსპექტივები აჭარაში : დისერტაცია /
_cნოდარ ფუტკარაძე; სამეცნიერო ხელმძღვანელი რ. მანველიძე; ბათუმის შოთა რუსთაველის სახ-ფო უნ-ტი.
264 _aბათუმი,
_c2012-2013.
300 _a160 გვ. ;
_b30 სმ.
653 _aდისერტაცია
653 _aეკონომიკა
653 _aსაინვესტიციო პროექტები და ბიზნესის განვითარების პერსპექტივები აჭარაში
700 _aმანველიძე, რ.
_e სამეცნიერო ხელმძღვანელი
_910484
942 _cBK
_2udc